000 00428cam a2200181 4500
001 D13617
008 090401t1932 xxu||||| |||| 00| 0 eng d
035 _a(Sirsi) u94491
041 _aeng
100 _aPhillips, F.J.
245 _aMackenzie`s rating and valuation officers handbook
250 _a10th
260 _aLondon
_bButterworth
_c1932
350 _a0
520 _aShelf 106
942 _n0
948 _c04/03/1997
999 _c98057
_d98057